000 01086nam a22002657a 4500
999 _c16788
_d16788
003 AR-CdUCM
008 190506b ||||| |||| 00| 0 spa d
040 _aMUNICIPALIDAD PROVINCIAL DEL CUSCO
_cBIBLIOTECA MUNICIPAL DEL CUSCO
041 _hfre
082 _a636.082 /
_bL49
100 _aLeroy, André.
_936447
245 _aCría racional del ganado :
_bzootecnia general /
260 _aBarcelona :
_bEds. Gea,
_c1956.
300 _a460 paginas ;
_bIlustraciones,
_c19 cm.
500 _aTitulo original : Élevage rationnel des animaux domestiques
505 _aContenido : Higiene de la alimentación -- Breve estudio anatómico del aparato digestivo de los animales domésticos -- Fisiología de la digestión -- Como suministrar al animal la energía que necesita...
650 _aGanado lechero
_932672
650 _aCría.
_920199
650 _aAlimentación
_919429
650 _aOrganismo del ganado
_936448
700 _aAntich, Ismael (Traducción)
_936449
700 _aEscué, José (Traducción)
_936450
942 _2ddc
_cLIBROS
945 _awnts
_d2019-05-6